All UFC Middleweight Champions - Statistics

General Stats
  • This quiz has been taken 412 times
    8 since last reset
  • The average score is 14 of 19
Answer Stats
Title Reign Successful Defenses Champion % Correct
2006-13 10 Anderson Silva
100%
2024-25 2 Dricus Du Plessis
100%
2023-23 0 Israel Adesanya
100%
2019-22 5 Israel Adesanya
100%
2019-19(Interim) - Israel Adesanya
100%
2025-26 0 Khamzat Chimaev
100%
2026-Present 0 Sean Strickland
100%
2023-24 0 Sean Strickland
100%
2022-23 0 Alex Pereira
86%
2016-17 1 Michael Bisping
86%
2017-19 0 Robert Whittaker
86%
2017-17(Interim) - Robert Whittaker
86%
2013-15 3 Chris Weidman
71%
2017-17 0 Georges St-Pierre
71%
2015-16 0 Luke Rockhold
71%
2002-02 1 Murilo Bustamante
14%
2001-02 0 Dave Menne
0%
2005-05 0 Evan Tanner
0%
2005-06 2 Rich Franklin
0%
No matching quizzes found
Score Distribution
Percent of People with Each Score
Percentile by Number Answered
Your Score History
You have not taken this quiz since the last reset